Rappers in Rap Groups - Statistics

General Stats
  • This quiz has been taken 2 times
  • The average score is 54 of 121
Answer Stats
Rap Group Initials Rapper % Correct
Outlawz 2 2Pac
100%
G-Unit 5C 50 Cent
100%
A$AP Mob AF A$AP Ferg
100%
A$AP Mob AR A$AP Rocky
100%
Gang Starr DP DJ Premier
100%
NWA DY DJ Yella
100%
NWA DD Dr. Dre
100%
NWA EE Eazy-E
100%
D12 E Eminem
100%
Wu-Tang Clan GK Ghostface Killah
100%
Mobb Deep H Havoc
100%
NWA IC Ice Cube
100%
NWA MR MC Ren
100%
Clipse NM No Malice
100%
Migos O Offset
100%
Mobb Deep P Prodigy
100%
Clipse PT Pusha-T
100%
A Tribe Called Quest QT Q-Tip
100%
Migos Q Quavo
100%
Migos T Takeoff
100%
G-Unit TG The Game
100%
A$AP Mob AA A$AP Ant
50%
A$AP Mob AA A$AP AV
50%
A$AP Mob AB A$AP Bari
50%
A$AP Mob AD A$AP Dom
50%
A$AP Mob AJ A$AP Josh
50%
A$AP Mob AJS A$AP J. Scott
50%
A$AP Mob AL A$AP Lou
50%
A$AP Mob AN A$AP Nast
50%
A$AP Mob AT A$AP Twelvyy
50%
A$AP Mob AY A$AP Yams
50%
Beastie Boys AY Adam Yauch
50%
Beastie Boys AR Ad-Rock
50%
A Tribe Called Quest ASM Ali Shaheed Muhammad
50%
OutKast A3 André 3000
50%
NWA AP Arabian Prince
50%
OutKast BB Big Boi
50%
Outlawz BS Big Syke
50%
D12 B Bizarre
50%
Bone-Thugs-N-Harmony BB Bizzy Bone
50%
Cypress Hill BR B-Real
50%
Public Enemy BJ Brother James
50%
Public Enemy BR Brother Roger
50%
D12 B Bugz
50%
Wu-Tang Clan C Cappadonna
50%
Odd Future CV Casey Veggies
50%
Public Enemy CD Chuck D
50%
Public Enemy C Crunch
50%
A$AP Mob D Dash
50%
Public Enemy DD Davy DMX
50%
D12 DP Denaun Porter
50%
Run-DMC D DMC
50%
Odd Future ES Earl Sweatshirt
50%
Public Enemy FF Flava Flav
50%
Bone-Thugs-N-Harmony FNB Flesh-N-Bone
50%
D12 FS Fuzz Scoota
50%
Gang Starr G Guru
50%
Wu-Tang Clan G GZA
50%
Wu-Tang Clan ID Inspectah Deck
50%
Run-DMC JMJ Jam Master Jay
50%
City Girls J JT
50%
Bone-Thugs-N-Harmony KB Krayzie Bone
50%
D12 K Kuniva
50%
Bone-Thugs-N-Harmony LB Layzie Bone
50%
G-Unit LB Lloyd Banks
50%
Wu-Tang Clan MK Masta Killa
50%
Wu-Tang Clan MM Method Man
50%
Beastie Boys MD Mike D
50%
Beastie Boys MMM Mix Master Mike
50%
Wu-Tang Clan ODB Ol' Dirty Bastard
50%
A Tribe Called Quest PD Phife Dawg
50%
D12 P Proof
50%
Wu-Tang Clan R Raekwon
50%
Run-DMC R Run
50%
Wu-Tang Clan R RZA
50%
Cypress Hill SD Sen Dog
50%
D12 SM Swifty McVay
50%
Black Star TK Talib Kweli
50%
Public Enemy TX Terminator X
50%
G-Unit TY Tony Yayo
50%
Odd Future TTC Tyler, the Creator
50%
Wu-Tang Clan UG U-God
50%
Bone-Thugs-N-Harmony WB Wish Bone
50%
Black Star YB Yasiin Bey
50%
G-Unit YB Young Buck
50%
Outlawz YN Young Noble
50%
City Girls YM Yung Miami
50%
A$AP Mob AI A$AP Illz
0%
A$AP Mob AL A$AP Lotto
0%
The Roots BT Black Thought
0%
Odd Future BD Brandun DeShay
0%
The Roots CKD Captain Kirk Douglas
0%
The Roots DG Dave Guy
0%
The Roots DR Dice Raw
0%
Public Enemy DL DJ Lord
0%
Outlawz EM EDI Mean
0%
Odd Future GW Gilbert Wallace
0%
Odd Future HW Hal Williams
0%
Odd Future H Hodgy
0%
Outlawz HT Hussein Fatal
0%
A Tribe Called Quest JW Jarobi White
0%
Beastie Boys JB John Berry
0%
The Roots KG Kamal Gray
0%
Outlawz K Kastro
0%
Beastie Boys KS Kate Schellenbach
0%
Odd Future KB Kris Benton
0%
Odd Future LV Lucas Vercetti
0%
Odd Future MM Matt Martians
0%
Cypress Hill MDA Mellow Dog Ace
0%
Outlawz MS Mopreme Shakur
0%
Odd Future NKS Na-Kel Smith
0%
Outlawz N Napoleon
0%
Public Enemy PG Professor Griff
0%
The Roots RA Raymond Angry
0%
Odd Future SL Sagan Lockhart
0%
Odd Future SE Sage Elsesser
0%
Public Enemy SS Sister Souljah
0%
Outlawz SC Stormey Coleman
0%
The Roots SE Stro Elliot
0%
Public Enemy TI The Interrogator
0%
Outlawz YK Yaki Kadafi
0%
No matching quizzes found
Score Distribution
Percent of People with Each Score
Percentile by Number Answered
Your Score History
You have not taken this quiz